| 000 | 00569nam a2200217Ia 4500 | ||
|---|---|---|---|
| 003 | OSt | ||
| 005 | 20250725162909.0 | ||
| 008 | 210210b2016 xxu||||| |||| 00| 0 eng d | ||
| 020 | _a9789382348443 | ||
| 040 | _cAL | ||
| 041 | _aKannada | ||
| 082 | _a791.4K JOGK | ||
| 100 |
_aJOGI _995192 |
||
| 110 |
_a: ಜೋಗಿ _9220249 |
||
| 245 |
_aKathe chitrakathe sambhashane _b: ಕಥೆ ಚಿತ್ರಕಥೆ ಸಂಭಾಷಣೆ |
||
| 260 |
_aBengaluru _bSawanna _c2016 |
||
| 300 | _a352p. | ||
| 690 |
_aCinema _995193 |
||
| 906 | _a071061 | ||
| 942 |
_2ddc _cBK |
||
| 999 |
_c120449 _d120449 |
||